| 000 | 00745nam a2200241 a 4500 | ||
|---|---|---|---|
| 001 | 000043591 | ||
| 003 | DO-SdBNP | ||
| 005 | 20230222095718.0 | ||
| 008 | 140327s2006 dr a r 000 0 spa d | ||
| 040 |
_aDO-SdBNP _bspa _cBNPHU |
||
| 082 | 4 |
_a363.73 _bT325c, 2006 _222 |
|
| 100 | 1 |
_aTerrera Galarza, Francisco _971409 |
|
| 245 | 1 | 0 |
_aContaminación ambiental : _bapuntes químicos / _cF. J. Terrero Galaza. |
| 250 | _a3a. ed. | ||
| 260 |
_aSanto Domingo : _bArmando, _c2006. |
||
| 300 |
_a147 p. : _bil. ; _c29 cm. |
||
| 590 | _aInventariado, 2018/BT | ||
| 650 | 4 |
_aContaminación _910807 |
|
| 650 | 4 |
_aDiversidad ecológica _971410 |
|
| 650 | 4 |
_aCalidad ambiental _971411 |
|
| 910 | _aValidado. Control de calidad. MFF | ||
| 942 |
_2ddc _cLBS1 |
||
| 999 |
_c43080 _d43080 |
||